Gay Men Speak : The Yes Book of Sex /

שמור ב:
מידע ביבליוגרפי
מחבר ראשי: Lee, Ronald D.
מחברים אחרים: Melleno, Frank, Mullis, Robert
פורמט: ספר
שפה:אנגלית
יצא לאור: San Francisco Multi Media Resource Center 1973
תגים: הוספת תג
אין תגיות, היה/י הראשונ/ה לתייג את הרשומה!

MARC

LEADER 00000nam a2200000 4500
001 CDOM0000004033
003 mi
005 20251006211526.0
008 251006b |||||||| |||| 00| 0 eng d
040 |c mi 
100 |a Lee, Ronald D. 
245 1 |a Gay Men Speak :  |b The Yes Book of Sex /  |c by Ronald D. Lee ; in collaboration with Frank Melleno and Robert Mullis 
260 |a San Francisco  |b Multi Media Resource Center  |c 1973 
300 |a 48 p.  |c fot.  |c 21,5 cm. 
500 |a Pagine non numerate 
700 |a Melleno, Frank 
700 |a Mullis, Robert 
942 |2 ddc  |c BK 
952 |0 0  |1 0  |2 ddc  |4 0  |7 0  |9 7170  |a MI  |b MI  |d 1988-02-18  |i 872  |l 0  |p CDOM872  |r 2025-07-13 16:28:00  |w 2025-07-13  |x ACQUISTO  |y BK 
999 |c 5866  |d 5866